| 000 | 00546cam a2200193ua 4500 | ||
|---|---|---|---|
| 999 |
_c15677 _d15677 |
||
| 003 | OSt | ||
| 008 | 190527b ||||| |||| 00| 0 eng d | ||
| 020 | _a9789380358959 | ||
| 082 |
_a691 _bRAN/EN |
||
| 100 |
_aRangwala, S C. _93263 |
||
| 100 |
_aRangwala K.S. _94168 |
||
| 100 |
_aRangwala P.S. _94169 |
||
| 245 | _aEngineering Materials / [Material Science] | ||
| 250 | _a22 / 43/ | ||
| 260 |
_aNew Delhi : _bCharotar Publishing House Pvt.Ltd _c2014 |
||
| 300 | _a480 p. | ||
| 500 | _a*CSS A Textbook for Engineering Students | ||
| 942 | _cBK | ||